<?xml version="1.0" encoding="UTF-8"?><marc:collection xmlns:marc="http://www.loc.gov/MARC21/slim">
  <marc:record>
    <marc:leader>00000nas  2200000za 4500</marc:leader>
    <marc:controlfield tag="001">9.502486</marc:controlfield>
    <marc:controlfield tag="003">CaOODSP</marc:controlfield>
    <marc:controlfield tag="005">20240212134141</marc:controlfield>
    <marc:controlfield tag="007">cr |||||||||||</marc:controlfield>
    <marc:controlfield tag="008">150406d20062009xxc|| p o||||f|   |0fre|d</marc:controlfield>
    <marc:datafield tag="022" ind1=" " ind2=" ">
      <marc:subfield code="a">1928-7542</marc:subfield>
    </marc:datafield>
    <marc:datafield tag="040" ind1=" " ind2=" ">
      <marc:subfield code="a">CaOODSP</marc:subfield>
      <marc:subfield code="b">fre</marc:subfield>
    </marc:datafield>
    <marc:datafield tag="043" ind1=" " ind2=" ">
      <marc:subfield code="a">n-cn---</marc:subfield>
    </marc:datafield>
    <marc:datafield tag="086" ind1="1" ind2=" ">
      <marc:subfield code="a">NE2-4F-PDF</marc:subfield>
    </marc:datafield>
    <marc:datafield tag="245" ind1="0" ind2="0">
      <marc:subfield code="a">Aperçu de la situation énergétique au Canada : </marc:subfield>
      <marc:subfield code="b">évaluation du marché de l'énergie.</marc:subfield>
    </marc:datafield>
    <marc:datafield tag="264" ind1=" " ind2="1">
      <marc:subfield code="a">Calgary, Alberta : </marc:subfield>
      <marc:subfield code="b">Office national de l'énergie, </marc:subfield>
      <marc:subfield code="c">mai 2007-juin 2010.</marc:subfield>
    </marc:datafield>
    <marc:datafield tag="310" ind1=" " ind2=" ">
      <marc:subfield code="a">Annuel</marc:subfield>
    </marc:datafield>
    <marc:datafield tag="362" ind1="1" ind2=" ">
      <marc:subfield code="a">Paraît depuis 2006; ne paraît plus après 2009.</marc:subfield>
    </marc:datafield>
    <marc:datafield tag="500" ind1=" " ind2=" ">
      <marc:subfield code="a">Les rapports ultérieurs ont été publiés dans la Note d'information sur l'énergie (NE4-2F-PDF).</marc:subfield>
    </marc:datafield>
    <marc:datafield tag="520" ind1="3" ind2=" ">
      <marc:subfield code="a">Une évaluation du marché de l’énergie qui résume les principaux développements qui ont marqué l’industrie énergétique canadienne. Il présente des analyses statistiques des produits, des marchés, de l’approvisionnement et des tendances énergétiques. Le rapport porte sur l’activité pétrolière et gazière en amont, le pétrole brut et les liquides de gaz naturel, le gaz naturel et l’électricité. Il se penche également sur l’énergie et l’économie canadienne, notamment en ce qui a trait aux recettes nettes d’exportation d’énergie, à la consommation d’énergie au Canada et à l’influence de la température sur la demande d’énergie.</marc:subfield>
    </marc:datafield>
    <marc:datafield tag="691" ind1="0" ind2="7">
      <marc:subfield code="a">Énergie</marc:subfield>
      <marc:subfield code="2">gcpds</marc:subfield>
    </marc:datafield>
    <marc:datafield tag="710" ind1="1" ind2=" ">
      <marc:subfield code="a">Canada. </marc:subfield>
      <marc:subfield code="b">Office national de l'énergie, </marc:subfield>
      <marc:subfield code="e">organisme de publication.</marc:subfield>
    </marc:datafield>
    <marc:datafield tag="775" ind1="0" ind2="8">
      <marc:subfield code="t">Canadian energy overview : </marc:subfield>
      <marc:subfield code="w">(CaOODSP)9.506084</marc:subfield>
    </marc:datafield>
    <marc:datafield tag="776" ind1="0" ind2="#">
      <marc:subfield code="t">Aperçu de la situation énergétique au Canada : </marc:subfield>
      <marc:subfield code="w">(CaOODSP)9.514034</marc:subfield>
    </marc:datafield>
  </marc:record>
</marc:collection>
